000 00535cam a2200169 a 4500
020 _a9780073386096
050 0 0 _aQA276.12
_b.B59 2010
100 1 _aBluman, Allan G.
245 1 0 _aElementary statistics :
_ba step by step approach (a brief version) /
_cAllan G. Bluman.
250 _a5th ed.
260 _aBoston [USA] :
_bMcGraw-Hill,
_cc2010.
300 _axxv, 810 p. :
500 _aIncludes index
650 _bStatistics ;
_bMathematical statistics
856 4 1 _uhttp://www.loc.gov/catdir/toc/fy038/2003044189.html
942 _cGEN
999 _c2592
_d2592